| 000 | 01463nam a22002057a 4500 | ||
|---|---|---|---|
| 999 |
_c60170 _d60170 |
||
| 003 | Ge_BSU | ||
| 005 | 20230614170224.0 | ||
| 008 | 230614s1981 ge ||||| |||| 00| 0 geo d | ||
| 041 | _ageo | ||
| 080 | _a902.2(479.222.11) ვ-18 | ||
| 245 |
_aვანი : არქეოლოგიური გათხრები : _b[სტატიების კრებული]. [ტ.] 5 / _cრედ. ოთ. ლორთქიფანიძე ; საქ. სსრ მეცნ. აკად., ივ. ჯავახიშვილის სახ. ისტორიის, არქეოლოგიისა და ეთნოგრაფიის ინ-ტი. |
||
| 264 |
_aთბილისი : _bმეცნიერება, _c1981. |
||
| 300 |
_a111 გვ. : _bილ. 41 ფ. ილ. _c30 სმ. |
||
| 500 | _aპარალ. ტექსტი რუს. | ||
| 520 | _aრეზ. ფრ. ენაზე | ||
| 653 | _aვანის არქეოლოგიური გათხრები | ||
| 700 |
_aლორთქიფანიძე, ოთ. _eრედაქტორი. _918351 |
||
| 710 |
_aსაქართველოს სსრ მეცნიერებათა აკადემია. _bივ. ჯავახიშვილის სახ. ისტორიის, არქეოლოგიისა და ეთნოგრაფიის ინსტიტუტი. _918718 |
||
| 942 |
_2udc _cBK |
||